<?xml version="1.0" encoding="UTF-8"?>
<collection xmlns="http://www.loc.gov/MARC21/slim">
 <record>
  <leader>01633nam a2200397 i 4500</leader>
  <controlfield tag="001">36926</controlfield>
  <controlfield tag="003">BD-DhAAL</controlfield>
  <controlfield tag="005">20211129105410.0</controlfield>
  <controlfield tag="008">200115t2019    nyu           001 0 eng d</controlfield>
  <datafield tag="999" ind1=" " ind2=" ">
   <subfield code="c">42150</subfield>
   <subfield code="d">42150</subfield>
  </datafield>
  <datafield tag="010" ind1=" " ind2=" ">
   <subfield code="a">  2017056027</subfield>
  </datafield>
  <datafield tag="020" ind1=" " ind2=" ">
   <subfield code="a">9781292261515</subfield>
  </datafield>
  <datafield tag="020" ind1=" " ind2=" ">
   <subfield code="a">129226151X</subfield>
  </datafield>
  <datafield tag="020" ind1=" " ind2=" ">
   <subfield code="a">9780134476315 (hbk)</subfield>
  </datafield>
  <datafield tag="040" ind1=" " ind2=" ">
   <subfield code="a">DLC</subfield>
   <subfield code="b">eng</subfield>
   <subfield code="c">DLC</subfield>
   <subfield code="e">rda</subfield>
   <subfield code="d">DLC</subfield>
   <subfield code="d">BD-DhAAL</subfield>
  </datafield>
  <datafield tag="042" ind1=" " ind2=" ">
   <subfield code="a">pcc</subfield>
  </datafield>
  <datafield tag="050" ind1="0" ind2="0">
   <subfield code="a">HG4011</subfield>
   <subfield code="b">.G5 2019</subfield>
  </datafield>
  <datafield tag="082" ind1="0" ind2="0">
   <subfield code="a">658.15</subfield>
   <subfield code="2">22</subfield>
  </datafield>
  <datafield tag="100" ind1="1" ind2=" ">
   <subfield code="a">Zutter, Chad J.</subfield>
   <subfield code="9">38980</subfield>
  </datafield>
  <datafield tag="245" ind1="1" ind2="0">
   <subfield code="a">Principles of managerial finance /</subfield>
   <subfield code="c">Chad J. Zutter, University of Pittsburgh, Scott B. Smart, Indiana University.</subfield>
  </datafield>
  <datafield tag="250" ind1=" " ind2=" ">
   <subfield code="a">Fifteenth edition.</subfield>
  </datafield>
  <datafield tag="260" ind1=" " ind2=" ">
   <subfield code="a">New York, NY :</subfield>
   <subfield code="b">Pearson,</subfield>
   <subfield code="c">c2019</subfield>
  </datafield>
  <datafield tag="300" ind1=" " ind2=" ">
   <subfield code="a">xlvi, 974 pages ;</subfield>
   <subfield code="c">26 cm</subfield>
  </datafield>
  <datafield tag="500" ind1=" " ind2=" ">
   <subfield code="a">Includes index.</subfield>
  </datafield>
  <datafield tag="500" ind1=" " ind2=" ">
   <subfield code="a">Lawrence J. Gitman appeared as first named author on earlier editions.</subfield>
  </datafield>
  <datafield tag="526" ind1=" " ind2=" ">
   <subfield code="a">Fifteenth edition Global edition</subfield>
  </datafield>
  <datafield tag="541" ind1=" " ind2=" ">
   <subfield code="a">Trim Education</subfield>
   <subfield code="e">36926, 36927</subfield>
  </datafield>
  <datafield tag="650" ind1=" " ind2="0">
   <subfield code="a">Corporations</subfield>
   <subfield code="x">Finance.</subfield>
   <subfield code="9">38981</subfield>
  </datafield>
  <datafield tag="650" ind1=" " ind2="0">
   <subfield code="a">Business enterprises</subfield>
   <subfield code="x">Finance.</subfield>
   <subfield code="9">38982</subfield>
  </datafield>
  <datafield tag="650" ind1=" " ind2="0">
   <subfield code="a">Finance.</subfield>
   <subfield code="9">38983</subfield>
  </datafield>
  <datafield tag="650" ind1=" " ind2="0">
   <subfield code="a">Business &amp; finance</subfield>
   <subfield code="9">43320</subfield>
  </datafield>
  <datafield tag="700" ind1="1" ind2=" ">
   <subfield code="a">Smart, Scott B.</subfield>
   <subfield code="9">38984</subfield>
  </datafield>
  <datafield tag="852" ind1=" " ind2=" ">
   <subfield code="a">Ayesha Abed Library</subfield>
   <subfield code="c">General Stacks</subfield>
  </datafield>
  <datafield tag="942" ind1=" " ind2=" ">
   <subfield code="2">ddc</subfield>
   <subfield code="c">BK</subfield>
  </datafield>
  <datafield tag="952" ind1=" " ind2=" ">
   <subfield code="0">0</subfield>
   <subfield code="1">0</subfield>
   <subfield code="2">ddc</subfield>
   <subfield code="4">0</subfield>
   <subfield code="6">658_150000000000000_ZUT</subfield>
   <subfield code="7">0</subfield>
   <subfield code="9">67708</subfield>
   <subfield code="a">BRACUL</subfield>
   <subfield code="b">BRACUL</subfield>
   <subfield code="c">GEN</subfield>
   <subfield code="d">2020-01-13</subfield>
   <subfield code="e">Trim Education</subfield>
   <subfield code="g">4775.00</subfield>
   <subfield code="l">6</subfield>
   <subfield code="m">80</subfield>
   <subfield code="o">658.15 ZUT</subfield>
   <subfield code="p">3010036927</subfield>
   <subfield code="r">2024-09-28</subfield>
   <subfield code="s">2024-06-03</subfield>
   <subfield code="t">2</subfield>
   <subfield code="v">4775.00</subfield>
   <subfield code="w">2020-01-13</subfield>
   <subfield code="y">BK</subfield>
  </datafield>
  <datafield tag="952" ind1=" " ind2=" ">
   <subfield code="0">0</subfield>
   <subfield code="1">0</subfield>
   <subfield code="2">ddc</subfield>
   <subfield code="4">0</subfield>
   <subfield code="6">658_150000000000000_ZUT</subfield>
   <subfield code="7">0</subfield>
   <subfield code="9">67709</subfield>
   <subfield code="a">BRACUL</subfield>
   <subfield code="b">BRACUL</subfield>
   <subfield code="c">GEN</subfield>
   <subfield code="d">2020-01-13</subfield>
   <subfield code="e">Trim Education</subfield>
   <subfield code="g">4775.00</subfield>
   <subfield code="l">8</subfield>
   <subfield code="m">66</subfield>
   <subfield code="o">658.15 ZUT</subfield>
   <subfield code="p">3010036926</subfield>
   <subfield code="r">2025-09-18</subfield>
   <subfield code="s">2025-08-26</subfield>
   <subfield code="t">1</subfield>
   <subfield code="v">4775.00</subfield>
   <subfield code="w">2020-01-13</subfield>
   <subfield code="y">BK</subfield>
  </datafield>
 </record>
</collection>
